Organizace a procesy

Najdôležitejšie organizačné objekty (business entity): pracovník, pracovná pozícia, organizačná jednotka, pracovná úloha (rola). Vzťahy medzi základnými entitami. Dynamika organizačných štruktúr. Optimalizácia procesov. Znalostná náročnosť procesov. Dynamické priraďovanie rolí.

Saved in:
Bibliographic Details
Main Author: Satin, Ján
Format: Book Chapter
Language:Czech
Subjects:
Tags: Add Tag
No Tags, Be the first to tag this record!

MARC

LEADER 00000naa$a2200000$$$4500
001 0079292
005 20231213141247.6
041 0 |a cze 
044 |a CZ 
245 1 0 |a Organizace a procesy  |c Ján Satin 
520 |a Najdôležitejšie organizačné objekty (business entity): pracovník, pracovná pozícia, organizačná jednotka, pracovná úloha (rola). Vzťahy medzi základnými entitami. Dynamika organizačných štruktúr. Optimalizácia procesov. Znalostná náročnosť procesov. Dynamické priraďovanie rolí. 
610 2 0 |a organizácie 
610 2 0 |a podnik 
610 2 0 |a riadenie podnikové 
610 2 0 |a procesy podnikové 
610 2 0 |a pracovníci 
610 2 0 |a vedomosti 
610 2 0 |a odbornosť 
610 2 0 |a jednotka organizačná 
610 2 0 |a štruktúra organizačná 
100 1 |a Satin, Ján